00574 2200253 4500001002100000005001700021006001900038008004100057020001800098035002500116041000700141082001000148090001600158100001300174245003300187260002700220300002500247990000800272990000800280990000800288990000800296990000800304990000800312INLIS00000000000287220140317133831.0a ||| | 180719| ||| | id  a979-518-525-X a0010-031300000002872 aid0 a629.2 a629.2 DAR p0 adaryanto00aPeralatan Instrumen otomotif aJakartabOReillyc2003 aviii, 115 hal, 20 cm a412 a411 a411 a412 a412 a411